[Event "Gyor Cohtec U15 op 2nd"]
[Site "Gyor"]
[Date "2017.05.20"]
[Round "5"]
[White "Szoboszlai, Csongor"]
[Black "Nusser, Gergo"]
[Result "1-0"]
[WhiteElo "1211"]
[BlackElo "1121"]
[PlyCount "143"]
[EventDate "2017.05.19"]
[EventType "swiss"]
[EventRounds "9"]
[EventCountry "HUN"]
[SourceTitle "EXT 2018"]
[Source "ChessBase"]
[SourceDate "2017.10.13"]
[SourceVersion "1"]
[SourceVersionDate "2017.10.13"]
[SourceQuality "1"]

1. d4 d5 2. c4 e6 3. Nc3 Nf6 4. Bg5 Bb4 5. Nf3 Nc6 6. e3 Bd7 7. Be2 dxc4 8. Bxc4 0-0 9. 0-0 h6 10. Bh4 Re8 11. a3 Bd6 12. e4 e5 13. d5 Nd4 14. Nxd4 exd4 15. Qxd4 Be5 16. Qd3 Bxc3 17. Qxc3 Rxe4 18. Bxf6 Qxf6 19. Qxf6 gxf6 20. Ba2 c6 21. Rfd1 cxd5 22. Bxd5 Re7 23. Re1 Rae8 24. Rxe7 Rxe7 25. Bxb7 Re2 26. b4 Rb2 27. h3 a5 28. Rd1 Ba4 29. Rd4 Rb3 30. bxa5 Rxa3 31. a6 Bb5 32. Rd6 Kf8 33. Rxf6 h5 34. Rb6 Bd3 35. Bc8 Ke7 36. Rb7+ Kd8 37. a7 Be4 38. Rb4 Kxc8 39. Rxe4 Rxa7 40. Rh4 Ra5 41. g4 hxg4 42. Rxg4 Rh5 43. Kg2 Kd7 44. Kg3 Ke6 45. f3 Kf5 46. h4 f6 47. Ra4 Kg6 48. Kg4 f5+ 49. Kg3 Kf6 50. Ra6+ Ke5 51. Rg6 f4+ 52. Kg4 Rh7 53. h5 Rh8 54. h6 Rh7 55. Kg5 Rh8 56. Rg7 Ke6 57. h7 Rf8 58. Rg8 Rxg8+ 59. hxg8Q+ Ke5 60. Qf7 Kd4 61. Qxf4+ Kd5 62. Kf5 Kc5 63. Qd2 Kc4 64. Ke5 Kc5 65. Qd5+ Kb4 66. Qc6 Kb3 67. Kd4 Kb2 68. Kd3 Kb1 69. Kd2 Kb2 70. Qb5+ Ka3 71. Kc2 Ka2 72. Qa4# 1-0

[Event "Gyor Cohtec U15 op 2nd"]
[Site "Gyor"]
[Date "2017.05.19"]
[Round "2"]
[White "Coudene, Martin"]
[Black "Szoboszlai, Csongor"]
[Result "0-1"]
[WhiteElo "1061"]
[BlackElo "1211"]
[PlyCount "38"]
[EventDate "2017.05.19"]
[EventType "swiss"]
[EventRounds "9"]
[EventCountry "HUN"]
[SourceTitle "EXT 2018"]
[Source "ChessBase"]
[SourceDate "2017.10.13"]
[SourceVersion "1"]
[SourceVersionDate "2017.10.13"]
[SourceQuality "1"]

1. e4 e5 2. Nf3 Nc6 3. Bc4 Be7 4. 0-0 Nf6 5. Ng5 0-0 6. Nxf7 Rxf7 7. Bxf7+ Kxf7 8. d3 d6 9. Nc3 Be6 10. Bg5 h6 11. Bxf6 Bxf6 12. Qh5+ Kg8 13. g4 Nd4 14. g5 Bxg5 15. h4 Bxh4 16. Rae1 Bh3 17. Re3 Bxf1 18. Kxf1 Qf6 19. Nd5 Qxf2# 0-1

[Event "Gyor Cohtec U15 op"]
[Site "Gyor"]
[Date "2016.05.27"]
[Round "9"]
[White "Kecskemeti, Admira Aida"]
[Black "Szoboszlai, Csongor"]
[Result "0-1"]
[WhiteElo "1258"]
[BlackElo "1349"]
[PlyCount "120"]
[EventDate "2016.05.27"]
[EventType "swiss"]
[EventRounds "9"]
[EventCountry "HUN"]
[SourceTitle "EXT 2017"]
[Source "ChessBase"]
[SourceDate "2016.10.25"]
[SourceVersion "1"]
[SourceVersionDate "2016.10.25"]
[SourceQuality "1"]

1. d4 d5 2. Nf3 Nf6 3. g3 Nc6 4. Bg2 Bf5 5. 0-0 e6 6. Bf4 Bd6 7. Bxd6 cxd6 8. Nh4 Bg6 9. Nxg6 hxg6 10. c3 Qb6 11. Qb3 Qc7 12. Nd2 0-0-0 13. e3 Kb8 14. c4 Qa5 15. Rfd1 Ne7 16. cxd5 Nexd5 17. Nc4 Qc7 18. Rac1 Rc8 19. Ne5 Qxc1 20. Rxc1 Rxc1+ 21. Bf1 dxe5 22. dxe5 Nd7 23. f4 Rhc8 24. Qd3 N7b6 25. Kf2 R8c2+ 26. Kf3 Rxb2 27. Kg4 Nxe3+ 28. Qxe3 Rxf1 29. Qd4 Rc2 30. Qd6+ Rc7 31. Qf8+ Nc8 32. Qxg7 Rf2 33. h3 Rd2 34. a3 Rd8 35. Qf6 Rd3 36. a4 Ra3 37. Qd8 Rxa4 38. h4 Ra3 39. Qf8 Rac3 40. Qb4 a6 41. Qb2 Ka7 42. Qf2+ b6 43. Qb2 Ne7 44. Qf2 Nf5 45. Kg5 Rxg3+ 46. Kf6 Rgc3 47. Qe2 a5 48. h5 gxh5 49. Qxh5 Ka6 50. Qe2+ b5 51. Qd2 a4 52. Qb2 Ka5 53. Qd2 a3 54. Qe1 b4 55. Qb1 Ka4 56. Qd1+ Rc2 57. Qa1 a2 58. Qd1 Ne3 59. Qa1 Ka3 60. Qd4 Nd5+ 0-1

[Event "HUN-ch U10"]
[Site "Balatonlelle"]
[Date "2015.06.22"]
[Round "6"]
[White "Borhy, Marcell Boldizsar"]
[Black "Szoboszlai, Csongor"]
[Result "1-0"]
[WhiteElo "1802"]
[BlackElo "1200"]
[PlyCount "55"]
[EventDate "2015.06.18"]
[EventType "swiss"]
[EventRounds "9"]
[EventCountry "HUN"]
[SourceTitle "CBM 167 Extra"]
[Source "ChessBase"]
[SourceDate "2015.09.14"]
[SourceVersion "1"]
[SourceVersionDate "2015.09.14"]
[SourceQuality "1"]

1. d4 d5 2. c4 c6 3. cxd5 cxd5 4. Nc3 Nc6 5. Bf4 a6 6. e3 Bf5 7. Be2 Nb4 8. Rc1 e6 9. Qa4+ Nc6 10. Nf3 Nf6 11. Ne5 Rc8 12. 0-0 Bd6 13. Nxc6 Rxc6 14. Nxd5 b5 15. Nxf6+ Qxf6 16. Bxb5 axb5 17. Qa8+ Ke7 18. Qxc6 Bxf4 19. exf4 Rd8 20. Qxb5 Be4 21. Rc7+ Kf8 22. Qc5+ Kg8 23. Rc8 h6 24. Rxd8+ Qxd8 25. b4 Qh4 26. Qc3 Qxf4 27. Qe3 Qg4 28. f3 1-0